000 00549nam a22001097a 4500
082 _a320
100 _aघटना चक्र
_981916
245 _aसामान्‍य अध्‍ययन पूर्वावलोकन भारतीय राजव्‍यवस्‍था शासन हल प्रश्‍न पत्र - 2023
260 _aइलाहाबाद
_bसम सामयिक घटना चक्र
_c2023
650 _aभारतीय राजव्‍यवस्‍था
_981917
942 _cHIN
999 _c66126
_d66126